Ciencia-ficción norteamericana : (Record no. 44270)
[ view plain ]
| 000 -LEADER | |
|---|---|
| campo de control de longitud fija | 02151nam a2200301 i 4500 |
| 001 - NÚMERO DE CONTROL | |
| campo de control | 44270 |
| 003 - IDENTIFICADOR DE NÚMERO DE CONTROL | |
| campo de control | ES-MaACL |
| 005 - FECHA Y HORA DE LA ÚLTIMA TRANSACCIÓN | |
| campo de control | 20251016142029.0 |
| 007 - CAMPO FIJO DE DESCRIPCIÓN FÍSICA--INFORMACIÓN GENERAL | |
| campo de control de longitud fija | t| |
| 008 - DATOS DE LONGITUD FIJA--INFORMACIÓN GENERAL | |
| campo de control de longitud fija | 030321m19671969sp ||||1| spa d |
| 080 ## - NÚMERO DE LA CLASIFICACIÓN DECIMAL UNIVERSAL | |
| Número de la Clasificación Decimal Universal | 82-311.9"19"(082.2) |
| 245 00 - MENCIÓN DEL TÍTULO | |
| Título | Ciencia-ficción norteamericana : |
| Resto del título | (obras escogidas) / |
| Mención de responsabilidad, etc. | prólogo de Luis Hernández Alfonso. |
| 260 ## - PUBLICACIÓN, DISTRIBUCIÓN, ETC. | |
| Lugar de publicación, distribución, etc. | [Madrid] : |
| Nombre del editor, distribuidor, etc. | Aguilar, |
| Fecha de publicación, distribución, etc. | [1967-1969] |
| 300 ## - DESCRIPCIÓN FÍSICA | |
| Extensión | 3 v. : |
| Otras características físicas | lám. ; |
| Dimensiones | 18 cm. |
| 505 8# - NOTA DE CONTENIDO CON FORMATO | |
| Nota de contenido con formato | Contiene: 1. El abogado gladiador / Frederik Pohl y C.M. Kornbluth ; traducción de M. de la Escalera y V. Auz . La lucha contra las pirámides / Frederick Pohl y C.M. Kornbluth ; trad. de V. Auz . Los mercaderes del espacio / Frederick Pohl y C.M. Kornbluth ; trad. de V. Auz . Búsqueda en el cielo / Frederik Pohl y C.M. Kornbluth ; trad. de Trinidad Valiente . La marcha del borracho / Frederick Pohl y C.M. Kornbluth ; trad. de A. Lewenfeld . Nave de esclavos / Frederick Pohl y C.M. Kornbluth ; trad. de Trinidad Valiente -- 2. Guardianes del tiempo ; Valiente para ser rey ; El único juego entre los hombres ; Delenda est... ; Extraños terrícolas ; Don Quijote y el molino de viento ; Gitano ; Mientras persistan ; Duelo en Sirte ; El cielo desintegrado ; Entre ladrones ; Órbita limitada ; La onda cerebral ; Un mundo en el crepúsculo ; Encadenamiento lógico ; Los hijos de la fortuna / Poul Anderson ; trad. de Trinidad Valiente y Manuel de la Escalera -- 3. Corrientes alternas ; El devorador del mundo ; Siete historias de futuro ; Las lunas de Marte ; El abominable terrícola / Fréderick Pohl ; trad. de Manuel G. Volpini, José Calvo Moreno. |
| 650 #7 - PUNTO DE ACCESO ADICIONAL DE MATERIA--TÉRMINO DE MATERIA | |
| Término de materia o nombre geográfico como elemento de entrada | Novelas de ciencia ficción |
| Fuente del encabezamiento o término | embne |
| 9 (RLIN) | 173072 |
| 700 1# - ENTRADA AGREGADA--NOMBRE PERSONAL | |
| Nombre de persona | Hernández Alfonso, Luis. |
| 9 (RLIN) | 62874 |
| 700 1# - ENTRADA AGREGADA--NOMBRE PERSONAL | |
| Nombre de persona | Pohl, Frederik, |
| Fechas asociadas al nombre | 1919-2013 |
| 9 (RLIN) | 242360 |
| 700 1# - ENTRADA AGREGADA--NOMBRE PERSONAL | |
| Nombre de persona | Kornbluth, C. M. |
| 9 (RLIN) | 68601 |
| 700 0# - ENTRADA AGREGADA--NOMBRE PERSONAL | |
| Nombre de persona | Escalera, Manuel de la, |
| Fechas asociadas al nombre | 1895-1994 |
| 9 (RLIN) | 47481 |
| 700 1# - ENTRADA AGREGADA--NOMBRE PERSONAL | |
| Nombre de persona | Auz, Víctor, |
| Fechas asociadas al nombre | 1935- |
| 9 (RLIN) | 173073 |
| 700 1# - ENTRADA AGREGADA--NOMBRE PERSONAL | |
| Nombre de persona | Valiente, Trinidad. |
| 9 (RLIN) | 112695 |
| 700 1# - ENTRADA AGREGADA--NOMBRE PERSONAL | |
| Nombre de persona | Lewenfeld, A. |
| 9 (RLIN) | 72024 |
| 700 1# - ENTRADA AGREGADA--NOMBRE PERSONAL | |
| Nombre de persona | Anderson, Poul. |
| 9 (RLIN) | 21463 |
| 700 1# - ENTRADA AGREGADA--NOMBRE PERSONAL | |
| Nombre de persona | Volpini, Manuel G. |
| 9 (RLIN) | 115718 |
| 852 ## - LOCALIZACIÓN | |
| Ubicación | ES-MaACL |
| Número de control de estantería | P-1334 |
| Estatus retirado | Estado de pérdida | Estado de daño | No para préstamo | Biblioteca de origen | Biblioteca actual | Ubicación en estantería | Fecha de adquisición | Fuente de adquisición | Total de préstamos | Signatura topográfica completa | Código de barras | Visto por última vez | Precio de reemplazo | Tipo de ítem Koha |
|---|---|---|---|---|---|---|---|---|---|---|---|---|---|---|
| Biblioteca del Ateneo de Madrid | Biblioteca del Ateneo de Madrid | Depósito 2 | 17/01/2008 | P-1334 | 1046590 | 23/02/2023 | 23/02/2023 | Libro impreso |
